<?xml version="1.0" encoding="UTF-8"?>
<record
    xmlns:xsi="http://www.w3.org/2001/XMLSchema-instance"
    xsi:schemaLocation="http://www.loc.gov/MARC21/slim http://www.loc.gov/standards/marcxml/schema/MARC21slim.xsd"
    xmlns="http://www.loc.gov/MARC21/slim">

  <leader>00752nam a22001691a 4500</leader>
  <controlfield tag="001">5197</controlfield>
  <controlfield tag="003">OSt</controlfield>
  <controlfield tag="005">20260204212005.0</controlfield>
  <controlfield tag="008">051119s2003||||dr ||||||b||||||||||spa||</controlfield>
  <datafield tag="090" ind1=" " ind2=" ">
    <subfield code="a">ME-2003-011</subfield>
  </datafield>
  <datafield tag="100" ind1=" " ind2=" ">
    <subfield code="a">Santos, Guillermina Altagracia</subfield>
  </datafield>
  <datafield tag="245" ind1=" " ind2=" ">
    <subfield code="a">Factores que influyen en la motivaci&#xF3;nde los alumnos/as grado del segundo ciclo de la escuela Emiliano Espaillat distrito educativo 16-02 de Fantino, zona urbana a&#xF1;o 2002-2003 / Guillermina Altagracia Santos, Francisa Caba Ayala, Jos&#xE9; Antonio Ort&#xED;z Delgado, Angela Mar&#xED;a Reynoso Monegro. Asesor: Lic. Jos&#xE9; Altagracia Espino de la Cruz.</subfield>
  </datafield>
  <datafield tag="264" ind1=" " ind2=" ">
    <subfield code="a">Santo Domingo : El Autor</subfield>
  </datafield>
  <datafield tag="502" ind1=" " ind2=" ">
    <subfield code="a">Monograf&#xED;a (Educaci&#xF3;n B&#xE1;sica)</subfield>
  </datafield>
  <datafield tag="650" ind1=" " ind2=" ">
    <subfield code="a">Educaci&#xF3;n B&#xE1;sica&#xCC;</subfield>
  </datafield>
  <datafield tag="942" ind1=" " ind2=" ">
    <subfield code="2">ddc</subfield>
    <subfield code="c">TH</subfield>
  </datafield>
  <datafield tag="999" ind1=" " ind2=" ">
    <subfield code="c">5197</subfield>
    <subfield code="d">5197</subfield>
  </datafield>
  <datafield tag="952" ind1=" " ind2=" ">
    <subfield code="0">0</subfield>
    <subfield code="1">0</subfield>
    <subfield code="2">ddc</subfield>
    <subfield code="4">0</subfield>
    <subfield code="7">0</subfield>
    <subfield code="b">BU</subfield>
    <subfield code="d">2019-09-09</subfield>
    <subfield code="l">0</subfield>
    <subfield code="o">ME-2003-011</subfield>
    <subfield code="p">ME-2003-011</subfield>
    <subfield code="r">2019-09-09 00:00:00</subfield>
    <subfield code="w">2019-09-09</subfield>
    <subfield code="y">TH</subfield>
  </datafield>
</record>
